الغيوم و السحب / (رقم التسجيلة. 101715)

تفاصيل مارك
000 -LEADER
fixed length control field 00597nam a22001817a 4500
005 - DATE AND TIME OF LATEST TRANSACTION
control field 20251108173337.0
008 - FIXED-LENGTH DATA ELEMENTS--GENERAL INFORMATION
fixed length control field 250721s2000 xx 000 0 ara d
082 14 - DEWEY DECIMAL CLASSIFICATION NUMBER
Classification number ط/551.575/بدو
100 1# - MAIN ENTRY--PERSONAL NAME
Personal name البدوي، خليل
245 10 - TITLE STATEMENT
Title الغيوم و السحب /
264 1# - PRODUCTION, PUBLICATION, DISTRIBUTION, MANUFACTURE, AND COPYRIGHT NOTICE
Place of production, publication, distribution, manufacture عمان :
Name of producer, publisher, distributor, manufacturer دار عالم الثقافة،
Date of production, publication, distribution, manufacture, or copyright notice 2000.
300 ## - PHYSICAL DESCRIPTION
Extent 16 ص.
490 0# - SERIES STATEMENT
Series statement موسوعة دائرة المعارف : سلسلة الظواهر الطبيعية
Volume/sequential designation 7
650 17 - SUBJECT ADDED ENTRY--TOPICAL TERM
Topical term or geographic name as entry element الغيوم
653 ## - INDEX TERM--UNCONTROLLED
Uncontrolled term أطفال مرحلة متوسطة (6-9 سنوات)
942 ## - ADDED ENTRY ELEMENTS (KOHA)
Source of classification or shelving scheme Dewey Decimal Classification
Koha item type كتب
المقتنيات
حالة السحب حالة الفقدان مصدر التصنيف حالة التلف غير قابل للإعارة المكتبة الرئيسية المكتبة الحالية موقع الرف تاريخ التزويد الرقم المتسلسل Total Checkouts رقم الإستدعاء الباركود تاريخ آخر ظهور تاريخ الفاتورة نوع المادة (كوها)
    Dewey Decimal Classification     مكتبة قتيبة للأطفال مكتبة قتيبة للأطفال الأطفال 09/11/2017 1666780   ط/551.575/بدو PLD00410267 28/07/2025 09/11/2017 كتب
    Dewey Decimal Classification     مكتبة أم المؤمنين للأطفال مكتبة أم المؤمنين للأطفال الأطفال 28/07/2025 .431452   ط/551.575/بدو .431452 28/07/2025 28/07/2025 كتب
    Dewey Decimal Classification     مكتبة أم قصير والمقابلين العامة مكتبة أم قصير والمقابلين العامة الأطفال 17/10/2014 368870   ط/551.575/بدو PLD00352062 28/07/2025 17/10/2014 كتب
    Dewey Decimal Classification     مكتبة الأميرة ايمان العامة مكتبة الأميرة ايمان العامة الأطفال 18/12/2013 368806   ط/551.575/بدو PLD00290444 28/07/2025 18/12/2013 كتب
    Dewey Decimal Classification     مكتبة الاميرة بديعة مكتبة الاميرة بديعة الأطفال 28/06/2015 306883.   ط/551.575/بدو PLD00334544 28/07/2025 28/06/2015 كتب
    Dewey Decimal Classification     مكتبة الحسن العامة مكتبة الحسن العامة الأطفال 23/09/2018 368846   ط/551.575/بدو PLD00433299 28/07/2025 23/09/2018 كتب
    Dewey Decimal Classification     مكتبة صويلح العامة مكتبة صويلح العامة الأطفال 11/07/2019 368814   ط/551.575/بدو PLD00457218 28/07/2025 11/07/2019 كتب
    Dewey Decimal Classification     مكتبة عدن للأطفال مكتبة عدن للأطفال الأطفال 10/02/2025 1793285   ط/551.575/بدو PLD00515066 28/07/2025 10/02/2025 كتب
    Dewey Decimal Classification     مكتبة وادي السير العامة مكتبة وادي السير العامة الأطفال 28/07/2025 368886   ط/551.575/بدو 368886 28/07/2025 28/07/2025 كتب
Implemented & Customized by: BBB with SCIT (Smart Chains for Information Technology)

Powered by Koha